Bones Characters by Picture - Statistics

General Stats
  • This quiz has been taken 13 times
  • The average score is 13 of 20
Answer Stats
Picture Answer % Correct
Seeley Booth
100%
Temperance Brennan
100%
Angela Montenegro
90%
Parker Booth
90%
Jack Hodgins
80%
Lance Sweets
80%
Max Keenan
80%
Camille Saroyan
70%
Daisy Wick
70%
Zack Addy
70%
Christine Angela Booth
60%
Clark Edison
60%
Caroline Julian
50%
Finn Abernathy
50%
Jared Booth
50%
Michelle Welton
50%
Vincent Nigel-Murray
50%
Wendell Bray
40%
Arastoo Vaziri
30%
Colin Fisher
30%
No matching quizzes found
Score Distribution
Percent of People with Each Score
Percentile by Number Answered
Your Score History
You have not taken this quiz